000 00301nam a22001097a 4500
008 230620b xxu||||| |||| 00| 0 eng d
082 _a320.2
_bWIL 1983
245 _aStatecraft As Soulcraft
_bWhat Government Does
260 _aNew York
_bA Maryland Corporation
_c1983
300 _a186p
942 _2ddc
_cBK
999 _c1596
_d1596